000 00343nam a2200157Ia 4500
003 OSt
005 20240306163723.0
008 170524s9999 xx 000 0 und d
020 _aNIL
040 _cIIMT UNIVERSITY
100 _aJain & Jain
245 0 _aEngineering Chemistry
260 _bDhanpat Rai
260 _c2008
942 _2ddc
_c02
999 _c4675
_d4675